Effect of soil moisture and soil textural classes on growth and yield of mung bean under high tuunel; ឥត្ធិពលសំណើម និងវាយនភាពដីលើការលូតលាស់ និងទិន្នផលដំណាំសណ្តែកបាយក្រោមលក្ខខណ្ឌផ្ទះប្លាស្ទិក (Record no. 10552)
[ view plain ]
| 000 -LEADER | |
|---|---|
| fixed length control field | 00761nam a22001577a 4500 |
| 003 - CONTROL NUMBER IDENTIFIER | |
| control field | OSt |
| 005 - DATE AND TIME OF LATEST TRANSACTION | |
| control field | 20161026163114.0 |
| 008 - FIXED-LENGTH DATA ELEMENTS--GENERAL INFORMATION | |
| fixed length control field | 161026b xxu||||| |||| 00| 0 eng d |
| 040 ## - CATALOGING SOURCE | |
| Transcribing agency | RUA |
| 082 ## - DEWEY DECIMAL CLASSIFICATION NUMBER | |
| Classification number | AGR MEN 2015 B518 Or. |
| 100 ## - MAIN ENTRY--PERSONAL NAME | |
| 9 (RLIN) | 10964 |
| Personal name | MEN PUNLORK;ម៉ែន ពន្លក |
| 245 ## - TITLE STATEMENT | |
| Title | Effect of soil moisture and soil textural classes on growth and yield of mung bean under high tuunel; ឥត្ធិពលសំណើម និងវាយនភាពដីលើការលូតលាស់ និងទិន្នផលដំណាំសណ្តែកបាយក្រោមលក្ខខណ្ឌផ្ទះប្លាស្ទិក |
| 260 ## - PUBLICATION, DISTRIBUTION, ETC. (IMPRINT) | |
| Place of publication, distribution, etc. | Phnom Penh |
| Name of publisher, distributor, etc. | RUA |
| Date of publication, distribution, etc. | 2015 |
| 300 ## - PHYSICAL DESCRIPTION | |
| Extent | x;50p; |
| Other physical details | ill; |
| Dimensions | 29cm |
| 942 ## - ADDED ENTRY ELEMENTS (KOHA) | |
| Source of classification or shelving scheme | |
| Koha item type | AGR |
| Price effective from | Date last seen | Permanent Location | Not for loan | Date acquired | Source of classification or shelving scheme | Koha item type | Lost status | Withdrawn status | Date last checked out | Total Checkouts | Shelving location | Damaged status | Barcode | Current Location | Full call number |
|---|---|---|---|---|---|---|---|---|---|---|---|---|---|---|---|
| 2016-10-26 | 2016-10-26 | Library Block B | 2016-10-26 | AGR | B518 | RUA062035 | Library Block B | AGR MEN 2015 B518 Or.1 | |||||||
| 2016-10-26 | 2016-10-26 | Library Block B | 2016-10-26 | AGR | B518 | RUA061946 | Library Block B | AGR MEN 2015 B518 Or.2 | |||||||
| 2016-10-26 | 2022-01-14 | Library Block B | 2016-10-26 | AGR | 2021-12-28 | 2 | B518 | RUA062460 | Library Block B | AGR MEN 2015 B518 Or.3 | |||||
| 2016-10-26 | 2016-10-26 | Library Block B | 2016-10-26 | AGR | B518 | RUA062182 | Library Block B | AGR MEN 2015 B518 Or.4 | |||||||
| 2016-10-26 | 2017-08-09 | Library Block B | 2016-10-26 | AGR | 2017-01-17 | 1 | B518 | RUA062395 | Library Block B | AGR MEN 2015 B518 Or.5 | |||||
| 2016-10-26 | 2016-10-26 | Library Block B | 2016-10-26 | AGR | B518 | RUA062067 | Library Block B | AGR MEN 2015 B518 Or.6 | |||||||
| 2016-10-26 | 2019-11-18 | Library Block B | 2016-10-26 | AGR | 2019-10-21 | 3 | B518 | RUA062318 | Library Block B | AGR MEN 2015 B518 Or.7 | |||||
| 2016-10-26 | 2016-10-26 | Library Block B | 2016-10-26 | AGR | B518 | RUA061636 | Library Block B | AGR MEN 2015 B518 Or.8 | |||||||
| 2021-09-29 | 2021-09-29 | Library Block B | 2021-09-29 | AGR | B691 | a10074 | Library Block B | AGR MEN 2015 B691 Or. | |||||||
| 2021-10-01 | 2026-05-23 | Library Block B | 2021-10-01 | AGR | 2026-05-20 | 2 | B691 | A066901 | Library Block B | AGR MEN 2015 B691 Or. |